000
00313nam a2200145Ia 4500
100
_a
Forsyth/ Ponce
942
_c
BK
654
_a
computer vision
245
_a
Computer vision:A modern approach
260
_b
Prentice Hall
_c
2003
082
_a
6.6
_b
FOR
300
_a
693
546
_a
ENGLISH
999
_c
25621
_d
25621